Effect of cytokinins on the induction of embryogenesis and the quality of somatic embryos in Hevea brasiliensis Mull.Arg (Record no. 57774)

MARC details
000 -LEADER
fixed length control field 00512nam a2200169Ia 4500
100 ## - MAIN ENTRY--AUTHOR NAME
Personal name Montoro P
245 #0 - TITLE STATEMENT
Title Effect of cytokinins on the induction of embryogenesis and the quality of somatic embryos in Hevea brasiliensis Mull.Arg
260 ## - PUBLICATION, DISTRIBUTION, ETC. (IMPRINT)
Name of publisher Comptes Rendus de lAcademie des sciences
Year of publication 1992
300 ## - PHYSICAL DESCRIPTION
Number of Pages 567-574
500 ## - GENERAL NOTE
General note Source Year: 1994
700 ## - ADDED ENTRY--PERSONAL NAME
Personal name Carron M P
700 ## - ADDED ENTRY--PERSONAL NAME
Personal name Etienne H
700 ## - ADDED ENTRY--PERSONAL NAME
Personal name Nougarede A
856 ## - ELECTRONIC LOCATION AND ACCESS
Uniform Resource Identifier ATA
942 ## - ADDED ENTRY ELEMENTS (KOHA)
Koha item type Journals
Holdings
Withdrawn status Lost status Damaged status Not for loan Home library Current library Shelving location Date acquired Serial Enumeration / chronology Koha item type
      Journals RRII Library RRII Library Biotechnology 17/12/2021 Volume 315, Issue 13 Journals